| 000 | 01108nam a2200217Ia 4500 | ||
|---|---|---|---|
| 999 |
_c34679 _d34679 |
||
| 003 | OSt | ||
| 005 | 20210627091518.0 | ||
| 008 | 160316s1973 xxu||||| |||| 00| 0 eng d | ||
| 020 | _a9780029147603 | ||
| 040 | _cn | ||
| 082 |
_a341.230000 _bHIS |
||
| 100 | _aHiscocks Richard | ||
| 245 | _aThe Security Council : A study in adolescence | ||
| 260 |
_aLondon _bLongman _c1973 |
||
| 300 | _a371p | ||
| 365 | _b Gratris | ||
| 505 | _aContents Preface; List of Abbreviations 1; Introduction 2; Background 3; The Council in theory and practice The Council as conceived in the Charter The Counc...56; The Middle East 133; InterArab disputes 155; Korea 163; Vietnam and its neighbours 183; Rhodesia 213; The United States and Latin America 228; Cyprus 239; Two Unusual Cases 245 The Security Council as a forum and a rendezvous 249 Problems of peacekeeping 265 The Security Council and the General Assembly 287 Future prospects 302 the Early Stages Iran 343 Copyright | ||
| 650 | _a1. United Nations - Security Council 2. World Politics - 1945 - 1989 | ||
| 700 |
_a _a |
||
| 942 |
_2ddc _cBK |
||